|
|
|
|
| LEADER |
00000nam0a2200000 4500 |
| 001 |
242944 |
| 005 |
20231101231930.0 |
| 010 |
|
|
|b 625 экз.
|
| 035 |
|
|
|a (RuTPU)RU\TPU\book\264266
|
| 090 |
|
|
|a 242944
|
| 100 |
|
|
|a 20130912d1928 k y0rusy50 ca
|
| 101 |
0 |
|
|a rus
|a fre
|
| 102 |
|
|
|a RU
|
| 105 |
|
|
|a y z 001zy
|
| 200 |
1 |
|
|a Геологический очерк Томь-Чумышского района Салаирского кряжа
|e отчет о работах 1927 года с геологической картой и 3 разрезами
|f К. В. Радугин
|
| 210 |
|
|
|a Томск
|c Издание Сибирского Отделения Геологического Комитета
|d 1928
|
| 215 |
|
|
|a 48 с.
|
| 225 |
1 |
|
|a Известия Сибирского отделения Геологического комитета
|v Т. VII, вып. 5
|
| 316 |
|
|
|5 63413507: 1459
|a На обложке подпись: «Проф. А. В. Лаврский»
|
| 317 |
|
|
|5 63413507: 1459
|a Поступил в НТБ в 1945 г. в составе книжного собрания профессора ТПИ А. В. Лаврского
|
| 320 |
|
|
|a Библиогр.: с. 45-46
|
| 510 |
1 |
|
|a Apercu Geologique de la region des rr. Tom-Tchoumych du Salair
|z fre
|
| 606 |
1 |
|
|a Геологическая изученность
|y СССР
|2 stltpush
|3 (RuTPU)RU\TPU\subj\6035
|9 34000
|
| 610 |
1 |
|
|a труды учёных ТПУ
|
| 610 |
1 |
|
|a геология
|
| 610 |
1 |
|
|a Салаирский кряж
|
| 610 |
1 |
|
|a исследования
|
| 610 |
1 |
|
|a известняки
|
| 610 |
1 |
|
|a рельеф
|
| 610 |
1 |
|
|a гидрография
|
| 610 |
1 |
|
|a морфология
|
| 610 |
1 |
|
|a Коллекция ТПУ
|
| 610 |
1 |
|
|a Коллекция А. В. Лаврского
|
| 610 |
1 |
|
|a дары библиотеке
|
| 675 |
|
|
|a 55(47+57)
|v 3
|
| 700 |
|
1 |
|a Радугин
|b К. В.
|c российский геолог
|c профессор Томского политехнического института
|f 1899-1984
|g Константин Владимирович
|2 stltpush
|3 (RuTPU)RU\TPU\pers\13858
|
| 801 |
|
1 |
|a RU
|b 63413507
|c 20130912
|
| 801 |
|
2 |
|a RU
|b 63413507
|c 20211213
|g RCR
|
| 942 |
|
|
|c BK
|